[Event "ITA-ch C"]
[Site "Civitanova Marche"]
[Date "2012.07.16"]
[Round "1"]
[White "Quattrini, Massimo"]
[Black "Piana, Riccardo"]
[Result "0-1"]
[WhiteElo "1944"]
[BlackElo "1808"]
[PlyCount "62"]
[EventDate "2012.07.15"]
[EventType "swiss"]
[EventRounds "8"]
[EventCountry "ITA"]
[SourceTitle "EXT 2023"]
[Source "ChessBase"]
[SourceDate "2022.10.05"]
[SourceVersion "1"]
[SourceVersionDate "2022.10.05"]
[SourceQuality "1"]

1. e4 c5 2. c3 d5 3. exd5 Qxd5 4. d4 Nc6 5. Nf3 cxd4 6. cxd4 e6 7. Nc3 Qd8 8. Bb5 Nf6 9. 0-0 Be7 10. Bxc6+ bxc6 11. Ne5 Bb7 12. Bf4 0-0 13. Na4 Nd5 14. Bg3 f6 15. Nd3 Ba6 16. Re1 Bxd3 17. Qxd3 Qa5 18. b3 f5 19. f3 f4 20. Bf2 Rf6 21. Rac1 Nb4 22. Qd2 Qg5 23. Re5 Qh6 24. Nc5 Nd5 25. Nd7 Rg6 26. Rxc6 Rd8 27. Nc5 Bd6 28. Re2 Ne3 29. Be1 Qh5 30. Nb7 Qxf3 31. Rf2 Rxg2+ 0-1